000 00376nam a2200145Ia 4500
008 231129s2007||||xx |||||||||||||| ||spa||
020 _a978-958-639-427-7
040 _bspa
082 _a299.93 ó82c
100 _aOsho
245 0 _aCompasión: El florecimiento supremo del amor
260 _c2007
264 _aGrijalbo
942 _2ddc
_cBKS
999 _c7725
_d7725